Felipe II de España

Uloženo v:
Podrobná bibliografie
Hlavní autor: Pierson, Peter (Autor)
Médium: Kniha
Jazyk:španělština
Vydáno: Ciudad de México, México Fondo de Cultura Económica 1984
Edice:Sección de obras de historia
Témata:
Tagy: Přidat tag
Žádné tagy, Buďte první, kdo vytvoří štítek k tomuto záznamu!

MARC

LEADER 00000nam a2200000 a 4500
001 UCW9107
003 CL-VaPUC
005 20200413184508.0
008 881206e19840000MX |||||||||||||||||spa|d
999 |c 221155  |d 221153 
040 |c Pontificia Universidad Católica de Valparaíso 
082 0 4 |a 946.043 PIE 1984  |2 21 
100 0 |a Pierson, Peter  |e author  |9 314242 
245 1 0 |a Felipe II de España 
260 |a Ciudad de México, México  |b Fondo de Cultura Económica  |c 1984 
300 |a 320 páginas 
490 0 |a Sección de obras de historia 
583 |a last modification  |c 19881206 00:00:00  |k Rodrigo Vera 
600 0 7 |a FELIPE II, REY DE ESPAÑA  |2 CL-VaPUC  |9 314243 
650 7 |a HISTORIA DE ESPAÑA  |2 CL-VaPUC  |9 314244  |y 1556-1598 
942 |c BK  |2 ddc 
945 |d 19881206 00:00:00 
952 |0 0  |1 0  |2 ddc  |4 0  |6 946_043000000000000_PIE_1984  |7 0  |8 A  |9 214181  |a BIBHIS  |b BIBHIS  |d 2019-11-15  |i 2828065  |o 946.043 PIE 1984  |p 2828065  |r 2025-01-20  |t 1  |w 2019-11-15  |y BK  |k HIS 
952 |0 0  |1 0  |2 ddc  |4 0  |6 946_043000000000000_PIE_1984  |7 0  |8 A  |9 214182  |a BIBHIS  |b BIBHIS  |d 2019-11-15  |i 2828073  |o 946.043 PIE 1984  |p 2828073  |r 2025-01-20  |t 2  |w 2019-11-15  |y BK  |k HIS